| 000 | 00586nam a2200205 4500 | ||
|---|---|---|---|
| 001 | 139856 | ||
| 003 | ES-MaACL | ||
| 005 | 20250812224149.0 | ||
| 007 | t| | ||
| 008 | 070214s1973 sp r ||||1| spa d | ||
| 100 | 1 |
_aSchobinger, Juan. _9104598 |
|
| 245 | 1 | 0 |
_aPrehistoria de Suramérica / _cJuan Schobinger. |
| 250 | _a2ª. ed. | ||
| 260 |
_aBarcelona : _bLabor, _c1973. |
||
| 300 |
_a296 p. : _bil. ; _c20 cm. |
||
| 490 | 1 | _aNueva colección labor | |
| 830 | 0 | 0 |
_aNueva colección Labor _9192990 |
| 852 |
_aES-MaACL _jC-54504 _bR.87511 |
||
| 999 |
_c139856 _d139856 |
||